00578nam a2200205Ia 450000500170000000800410001702000150005808200210007324500360009426000380013030000160016865000130018465000100019765000130020770000170022070000170023794200060025495200970026099900150035720250123025438.0240331s9999 xx 000 0 und d a0415905338 bLUK23803a305.4 0aFeminisms and Critical Pedagogy aNew YorkaLondonbRoutledgec1992 axi, 220 p., aFeminism aWomen aPolitics aLuke, Ceedt aGore, Jeedt cL 001040708LaWERCLbWERCLcSSCd2024-03-31l0o 305.4 FEMp3803r2024-03-31w2024-03-31yL c1649d1649